<?xml version='1.0' encoding='UTF-8'?>
  <record xmlns="http://www.loc.gov/MARC21/slim">
    <leader>00000cam a2200000 i 4500</leader>
    <controlfield tag="001">ocn819399982</controlfield>
    <controlfield tag="003">OCoLC</controlfield>
    <controlfield tag="005">20241003171515.8</controlfield>
    <controlfield tag="008">900125m15711572fr ac         001 0 ger d</controlfield>
    <datafield tag="040" ind1=" " ind2=" ">
      <subfield code="a">UKMGB</subfield>
      <subfield code="b">eng</subfield>
      <subfield code="e">rda</subfield>
      <subfield code="e">dcrmr</subfield>
      <subfield code="c">UKMGB</subfield>
      <subfield code="d">OCLCQ</subfield>
      <subfield code="d">UKMGB</subfield>
      <subfield code="d">OCLCQ</subfield>
      <subfield code="d">OCLCL</subfield>
      <subfield code="d">OCLCQ</subfield>
      <subfield code="d">QGJ</subfield>
      <subfield code="d">OCLCO</subfield>
    </datafield>
    <datafield tag="016" ind1="7" ind2=" ">
      <subfield code="a">003024142</subfield>
      <subfield code="2">Uk</subfield>
    </datafield>
    <datafield tag="029" ind1="1" ind2=" ">
      <subfield code="a">UKMGB</subfield>
      <subfield code="b">003024142</subfield>
    </datafield>
    <datafield tag="035" ind1=" " ind2=" ">
      <subfield code="a">(OCoLC)819399982</subfield>
    </datafield>
    <datafield tag="100" ind1="1" ind2=" ">
      <subfield code="a">Rabus, Ludwig,</subfield>
      <subfield code="d">1524-1592,</subfield>
      <subfield code="e">author.</subfield>
      <subfield code="4">aut</subfield>
      <subfield code="1">https://id.oclc.org/worldcat/entity/E39PBJhMk7KtXJmqF7HYbb9v73</subfield>
    </datafield>
    <datafield tag="240" ind1="1" ind2="0">
      <subfield code="a">Heiligen auserwählten Gotteszeugen, Bekennern und Märtyrern ... wahrhafte Historien</subfield>
    </datafield>
    <datafield tag="245" ind1="1" ind2="0">
      <subfield code="a">Historien der Martyrer, ... /</subfield>
      <subfield code="c">Durch Ludovicum Rabus, der H. Schrifft Doctor, unnd der Kirchen zů Vlm Suerinterdenten</subfield>
    </datafield>
    <datafield tag="264" ind1=" " ind2="1">
      <subfield code="3">Volume 1</subfield>
      <subfield code="a">Gedruckt zů Strassburg :</subfield>
      <subfield code="b">durch Josiam Rihel,</subfield>
      <subfield code="c">den 22 Martij, im jar M. D. LXXI. [1571]</subfield>
    </datafield>
    <datafield tag="264" ind1=" " ind2="1">
      <subfield code="3">Volume 2</subfield>
      <subfield code="a">Gedruckt in der freien Statt Straszburg, :</subfield>
      <subfield code="b">durch Josiam Rihel.,</subfield>
      <subfield code="c">M. D. LXXII. [1572]</subfield>
    </datafield>
    <datafield tag="300" ind1=" " ind2=" ">
      <subfield code="a">2 volumes ([12], 375, [10]; [8], 778 [that is, 779], [10] leaves :</subfield>
      <subfield code="b">illustrations (woodcuts) ;</subfield>
      <subfield code="c">33 cm (folio)</subfield>
    </datafield>
    <datafield tag="336" ind1=" " ind2=" ">
      <subfield code="a">text</subfield>
      <subfield code="b">txt</subfield>
      <subfield code="2">rdacontent</subfield>
    </datafield>
    <datafield tag="337" ind1=" " ind2=" ">
      <subfield code="a">unmediated</subfield>
      <subfield code="b">n</subfield>
      <subfield code="2">rdamedia</subfield>
    </datafield>
    <datafield tag="338" ind1=" " ind2=" ">
      <subfield code="a">volume</subfield>
      <subfield code="b">nc</subfield>
      <subfield code="2">rdacarrier</subfield>
    </datafield>
    <datafield tag="340" ind1=" " ind2=" ">
      <subfield code="m">folio</subfield>
      <subfield code="2">rdabf</subfield>
    </datafield>
    <datafield tag="500" ind1=" " ind2=" ">
      <subfield code="a">Titles printed in red and black.</subfield>
    </datafield>
    <datafield tag="500" ind1=" " ind2=" ">
      <subfield code="a">Titels within decorated, woodcut borders.</subfield>
    </datafield>
    <datafield tag="500" ind1=" " ind2=" ">
      <subfield code="a">Imprint volume 2: 1572.</subfield>
    </datafield>
    <datafield tag="500" ind1=" " ind2=" ">
      <subfield code="a">Publication statement from colophons, which read: volume 1: Gedruckt zů Strassburg durch Josiam Rihel, den 22 Martij, im jar M. D. LXXI.; volume 2:  Gedruckt in der freien Statt Straszburg, durch Josiam Rihel.  M. D. LXXII.</subfield>
    </datafield>
    <datafield tag="500" ind1=" " ind2=" ">
      <subfield code="a">Includes indices.</subfield>
    </datafield>
    <datafield tag="500" ind1=" " ind2=" ">
      <subfield code="a">Initials, printed marginalia.</subfield>
    </datafield>
    <datafield tag="500" ind1=" " ind2=" ">
      <subfield code="a">Signatures volume 1: a-b⁶ A-Z⁶ Aa-Zz⁶ AA-RR⁶ SS⁸; b3v, and SS8 are blank.</subfield>
    </datafield>
    <datafield tag="500" ind1=" " ind2=" ">
      <subfield code="a">Signatures volume 2: A⁸ aa-zz⁶ Aaa-Zzz⁶ Aaaa-Zzzz⁶ AAa-SSs⁶ TTt⁸ VVv-ZZz⁶ AAA-ZZZ⁶ AAaa-PPpp⁶ QQqq⁸; A6v, TTt8v, QQqq7v, and QQqq8 are blank.</subfield>
    </datafield>
    <datafield tag="505" ind1="0" ind2="0">
      <subfield code="g">Erste Theil.</subfield>
      <subfield code="t">Darinn das Erste vnd Ander Bůch, von den Heyligen, Ausserwölten Gottes Zeügen, Bekennern vnnd Martyrern (vnnd nemlich deren, so von anfang der Welt, biss auff die zůkunfft unsers Heylands Jesu Christi, vnd dann von der selbigen, biss inn die nechst nachfolgende 500 Jar hernacher, inn der Streitenden Kirchen, des Alten vnd Newen Testament gewesen) nach ordnung begriffen, Auch etwas fleissiger, wie auch wietleüffiger vnnd aussfürlicher (dann in den vorigen aussgangnen Tomis beschehen) mit angehenckter, ordentlicher Jars Rechnung, beschriben worden seind. --</subfield>
      <subfield code="g">Ander Theil.</subfield>
      <subfield code="t">Darinn das Dritte, Vierdte, vnd Fünffte Bůch, von den Heyligen, Ausserwehlten Gottes Zeügen, Bekennern vnd Martyrern (vnd nemlich deren, so von  Johann Hussen zeit an, inn der Streittenden Kirchen, des Newen Testaments, biss auff dise jetzige vnsere letste zeit, gewesen) nach ordnung begriffen, Auch fleissiger, wie auch weittleüffiger vnd aussfürlicher, dañ[n] in den vorigen aussgangenen Tomis beschehen, mit angehengter, ordenlicher Jars rechnung beschriben worden  seind.</subfield>
    </datafield>
    <datafield tag="510" ind1="4" ind2=" ">
      <subfield code="3">Volume 1</subfield>
      <subfield code="a">Verzeichnis der im deutschen Sprachbereich erschienenen Drucke des 16. Jahrhunderts (VD 16),</subfield>
      <subfield code="c">R 51</subfield>
      <subfield code="u">https://gateway-bayern.de/VD16+R+51</subfield>
    </datafield>
    <datafield tag="510" ind1="4" ind2=" ">
      <subfield code="3">Volume 2</subfield>
      <subfield code="a">Verzeichnis der im deutschen Sprachbereich erschienenen Drucke des 16. Jahrhunderts (VD 16),</subfield>
      <subfield code="c">R 52</subfield>
      <subfield code="u">https://gateway-bayern.de/VD16+R+52</subfield>
    </datafield>
    <datafield tag="650" ind1=" " ind2="0">
      <subfield code="a">Reformed Church</subfield>
      <subfield code="z">Germany</subfield>
      <subfield code="z">Palatinate</subfield>
      <subfield code="x">Liturgy</subfield>
      <subfield code="x">Texts</subfield>
      <subfield code="v">Early works to 1800.</subfield>
    </datafield>
    <datafield tag="650" ind1=" " ind2="0">
      <subfield code="a">Reformed Church</subfield>
      <subfield code="x">Liturgy</subfield>
      <subfield code="v">Texts</subfield>
      <subfield code="v">Early works to 1800.</subfield>
    </datafield>
    <datafield tag="650" ind1=" " ind2="0">
      <subfield code="a">Reformed Church</subfield>
      <subfield code="x">Catechisms</subfield>
      <subfield code="x">German</subfield>
      <subfield code="v">Early works to 1800.</subfield>
    </datafield>
    <datafield tag="650" ind1=" " ind2="0">
      <subfield code="a">Catechisms, German</subfield>
      <subfield code="v">Early works to 1800.</subfield>
    </datafield>
    <datafield tag="650" ind1=" " ind2="6">
      <subfield code="a">Église réformée</subfield>
      <subfield code="z">Allemagne</subfield>
      <subfield code="z">Palatinat</subfield>
      <subfield code="x">Liturgie</subfield>
      <subfield code="x">Textes</subfield>
      <subfield code="v">Ouvrages avant 1800.</subfield>
    </datafield>
    <datafield tag="650" ind1=" " ind2="6">
      <subfield code="a">Église réformée</subfield>
      <subfield code="x">Liturgie</subfield>
      <subfield code="v">Textes</subfield>
      <subfield code="v">Ouvrages avant 1800.</subfield>
    </datafield>
    <datafield tag="650" ind1=" " ind2="7">
      <subfield code="a">Catechisms, German</subfield>
      <subfield code="2">fast</subfield>
    </datafield>
    <datafield tag="650" ind1=" " ind2="7">
      <subfield code="a">Reformed Church</subfield>
      <subfield code="x">Liturgy</subfield>
      <subfield code="2">fast</subfield>
    </datafield>
    <datafield tag="651" ind1=" " ind2="7">
      <subfield code="a">Germany</subfield>
      <subfield code="z">Palatinate</subfield>
      <subfield code="2">fast</subfield>
    </datafield>
    <datafield tag="655" ind1=" " ind2="7">
      <subfield code="a">Early works</subfield>
      <subfield code="2">fast</subfield>
    </datafield>
    <datafield tag="655" ind1=" " ind2="7">
      <subfield code="a">Texts</subfield>
      <subfield code="2">fast</subfield>
    </datafield>
    <datafield tag="700" ind1="1" ind2=" ">
      <subfield code="a">Rihel, Josias,</subfield>
      <subfield code="d">1525-1597,</subfield>
      <subfield code="e">printer.</subfield>
      <subfield code="4">prt</subfield>
      <subfield code="1">https://id.oclc.org/worldcat/entity/E39PBJvt77JGXwhmqYmtGqbmVC</subfield>
    </datafield>
    <datafield tag="700" ind1="1" ind2=" ">
      <subfield code="a">Luther, Martin,</subfield>
      <subfield code="d">1483-1546,</subfield>
      <subfield code="e">author of introduction.</subfield>
      <subfield code="4">aui</subfield>
      <subfield code="1">https://id.oclc.org/worldcat/entity/E39PBJcC3jTktTmxwtTMgxrQbd</subfield>
    </datafield>
    <datafield tag="710" ind1="1" ind2=" ">
      <subfield code="a">Strasbourg (Free imperial city).</subfield>
      <subfield code="b">Bürgermeister und Rat,</subfield>
      <subfield code="e">dedicatee.</subfield>
      <subfield code="4">dte</subfield>
    </datafield>
    <datafield tag="752" ind1=" " ind2=" ">
      <subfield code="a">France</subfield>
      <subfield code="d">Strasbourg,</subfield>
      <subfield code="e">publication place.</subfield>
      <subfield code="4">pup</subfield>
    </datafield>
  </record>